Statistics for Countries that have hosted Pan American Conferences

Click here to take the quiz!

General Stats

  • This quiz has been taken 20 times
  • The average score is 13 of 13

Answer Stats

ContinentCountry% Correct
South AmericaArgentina
100%
South AmericaBolivia
100%
South AmericaBrazil
100%
North AmericaCanada
100%
South AmericaChile
100%
South AmericaEcuador
100%
South AmericaPeru
100%
North AmericaUnited States of America
100%
South AmericaUruguay
100%
South AmericaVenezuela
100%
South AmericaColombia
94%
North AmericaMexico
88%
North AmericaCuba
76%

Score Distribution

Percentile by Number Answered

Percent of People with Each Score

Your Score History

You have not taken this quiz